000 00499nam a2200169 i 4500
001 149792
003 ES-MaACL
005 20230906203247.0
007 t|
008 071024s1960 sp ||||1| spa d
100 1 _aVázquez Seijas, Rafael.
_9113488
245 1 3 _aEl Padre Rafael.
260 _a[Poyo :
_bMonasterio Mercedario de San Juan,
_c1960] (
_eMadrid :
_fSèz)
300 _a162 p. :
_bil. ;
_c23 cm.
600 1 4 _aVázquez Seijas, Rafael.
_9113488
852 _aES-MaACL
_jC-19162
_bR.46395
999 _c149792
_d149792